000 00467cam a22001934a 4500
005 20250605164316.0
008 250528s ||||||||||||||||||||||||d
035 _a22697
020 _a9780240808413
040 _aGR-AtMCL
_bgre
_dGR-AtMCL
_eAACR2
245 1 _aELECTRONIC MEDIA LAW AND REGULATION
250 _a5
260 _bFocal Press,
_c2007
300 _a514
700 1 _aCreech Kenneth C
_98422
942 _cBK
999 _c7745
_d7745